| 000 | 00566nam a22002057a 4500 | ||
|---|---|---|---|
| 999 |
_c7775 _d7775 |
||
| 003 | OSt | ||
| 005 | 20220302151406.0 | ||
| 008 | 151110b xxu||||| |||| 00| 0 eng d | ||
| 020 | _a3540645632 | ||
| 040 | _cddc | ||
| 082 |
_a514 _bBOU 1974 |
||
| 100 |
_aBourbaki, N _96077 |
||
| 245 |
_aElements of mathematics : _bGeneral Topology . _cN Bourbaki, |
||
| 250 | _aChapter 5-10 | ||
| 260 |
_aBerlin _bSpringer _c1974 |
||
| 300 |
_a363p; _bill : _c24cm |
||
| 504 | _aincludes bibliographic references and index | ||
| 650 |
_aMathematics _9810 |
||
| 942 |
_2ddc _cO_SHELF |
||